The difficulty of being good : (Record no. 35624)

MARC details
000 -LEADER
fixed length control field 02815nam a22003377a 4500
005 - DATE AND TIME OF LATEST TRANSACTION
control field 20100503155714.0
010 ## - LCCN (DPL NO)
LC control number B-417074-085
020 ## - INTERNATIONAL STANDARD BOOK NUMBER
International Standard Book Number 9780670083497
Terms of availability 699.00
035 ## - SYSTEM CONTROL NUMBER
System control number B-417074-085
037 ## - SOURCE OF ACQUISITION
Source of stock number/acquisition UBH/Ven
082 ## - DEWEY DECIMAL CLASSIFICATION NUMBER
Classification number 230.2
100 ## - MAIN ENTRY--PERSONAL NAME
Personal name Das, Gurucharan
245 ## - TITLE STATEMENT
Title The difficulty of being good :
Statement of responsibility, etc by Gurucharan Das
Remainder of title on the subtle art of dharma /
260 ## - PUBLICATION, DISTRIBUTION, ETC. (IMPRINT)
Place of publication, distribution, etc New Delhi
Name of publisher, distributor, etc Penguin Books
Date of publication, distribution, etc 2009
300 ## - PHYSICAL DESCRIPTION
Extent lii, 434p.:
Dimensions 24 cm. (Hb)
500 ## - GENERAL NOTE
General note includes index
942 ## - ADDED ENTRY ELEMENTS (KOHA)
Source of classification or shelving scheme Dewey Decimal Classification
Item type English Books
Call number suffix DAS
Classification part 230.2
Holdings
Withdrawn status Lost status Not for loan Collection code Home library Current library Date acquired Source of acquisition Cost, normal purchase price Full call number Barcode Copy number Cost, replacement price Koha item type
      Non-fiction Andrews Gunj Andrews Gunj 24/09/2010 UBH/054/22-7-2010/91/01-07-2010/27-07-2010 699.00 230.2 DAS B-417079 1 699.00 English Books
      Non-fiction Bawana Bawana 24/09/2010 UBH/054/22-7-2010/91/01-07-2010/27-07-2010 699.00 230.2 DAS B-417084 1 699.00 English Books
      Non-fiction Central Library Central Library 24/09/2010 UBH/054/22-7-2010/91/01-07-2010/27-07-2010 699.00 230.2 DAS B-417074 1 699.00 English Books
      Non-fiction Janak Puri Janak Puri 24/09/2010 UBH/054/22-7-2010/91/01-07-2010/27-07-2010 699.00 230.2 DAS B-417076 1 699.00 English Books
      Non-fiction Karol Bagh Karol Bagh 24/09/2010 UBH/054/22-7-2010/91/01-07-2010/27-07-2010 699.00 230.2 DAS B-417082 1 699.00 English Books
      Non-fiction Narela Narela 24/09/2010 UBH/054/22-7-2010/91/01-07-2010/27-07-2010 699.00 230.2 DAS B-417083 1 699.00 English Books
      Non-fiction Patel Nagar Patel Nagar 24/09/2010 UBH/054/22-7-2010/91/01-07-2010/27-07-2010 699.00 230.2 DAS B-417075 1 699.00 English Books
      Non-fiction R.K.Puram-8 R.K.Puram-8 24/09/2010 UBH/054/22-7-2010/91/01-07-2010/27-07-2010 699.00 230.2 DAS B-417078 1 699.00 English Books
      Non-fiction Sarojini Nagar Sarojini Nagar 24/09/2010 UBH/054/22-7-2010/91/01-07-2010/27-07-2010 699.00 230.2 DAS B-417077 1 699.00 English Books
      Non-fiction Shahdara Branch Shahdara Branch 24/09/2010 UBH/054/22-7-2010/91/01-07-2010/27-07-2010 699.00 230.2 DAS B-417085 1 699.00 English Books
  Written-off vide DLB M. No. 383 dt 16.05.19   Non-fiction Sriniwas Puri Sriniwas Puri 24/09/2010 UBH/054/22-7-2010/91/01-07-2010/27-07-2010 699.00 230.2 DAS B-417080 1 699.00 English Books
      Non-fiction Vinoba Puri Vinoba Puri 24/09/2010 UBH/054/22-7-2010/91/01-07-2010/27-07-2010 699.00 230.2 DAS B-417081 1 699.00 English Books

© Delhi Public Library
Hit Counter
free hit counter